00734nam a2200157Ia 4500008004100000020003700041040001800078041000800096111009900104245012100203260008200324300001800406504002200424651006200446651006800508130821s1986 sp gr spa  a8400063864cv.1, 8400064054cv.2 aCo-BoUCMbspa00aspa aJornadas de Andalucia y América [5 : 1985 marzo : Universidad de Santa María de la Rabida]10aAndalucía y América en el siglo XIXcEdición preparada por Bibiano Torres Ramírez, José Hernández Palomo aSevilla (Andalucía, España)bEscuela de Estudios Hispano-Americanosc1986 a2 volúmenes aIncluye índices aAmérica LatinaxHistoriavCongresos, conferencias, etc. aAndalucía (España)xHistoriavCongresos, conferencias, etc.